Η χρήση της μεθόδου των σταθερών ισοτόπων στη μετανάστευση πτηνών : [πτυχιακή εργασία]

Αποθηκεύτηκε σε:
Λεπτομέρειες βιβλιογραφικής εγγραφής
Κύριος συγγραφέας: Φράγκου, Γιασεμή
Συγγραφή απο Οργανισμό/Αρχή: Πανεπιστήμιο Αιγαίου. Σχολή Περιβάλλοντος. Τμήμα Περιβάλλοντος
Άλλοι συγγραφείς: Ακριώτης, Τριαντάφυλλος (Εισηγητής διατριβής)
Μορφή: Thesis Βιβλίο
Γλώσσα:Greek
Δημοσίευση: 2014
Θέματα:
Διαθέσιμο Online:http://hdl.handle.net/11610/10478
Ετικέτες: Προσθήκη ετικέτας
Δεν υπάρχουν, Καταχωρήστε ετικέτα πρώτοι!

MARC

LEADER 00000cam a2200000 i 4500
001 1/61406
008 141210s2014 gre d
035 |l 10120046 
040 |a GR-MY-UA  |b gre  |e aacr 
041 0 |a gre 
082 0 |a 598  |2 (22) 
100 1 |a Φράγκου, Γιασεμή. 
245 1 2 |a Η χρήση της μεθόδου των σταθερών ισοτόπων στη μετανάστευση πτηνών :  |b [πτυχιακή εργασία] /  |c Γιασεμή Φράγκου ; επιβλέπων: Τ. Ακριώτης 
260 |c 2014 
300 |a 60 σ.;  |c 30 εκ. 
502 |a Πτυχιακή εργασία – Πανεπιστήμιο Αιγαίου, Λέσβος, 2014. 
504 |a Περιλαμβάνει βιβλιογραφία 
650 0 0 |a Birds  |x Research. 
650 0 0 |a Birds  |x Migration. 
650 0 0 |a Dissertations, Academic  |z Greece. 
700 1 |a Ακριώτης, Τριαντάφυλλος.  |4 ths 
710 2 |a Πανεπιστήμιο Αιγαίου.   |b Σχολή Περιβάλλοντος.   |b Τμήμα Περιβάλλοντος. 
852 |a INST  |b LESVOS  |c DIATR  |e 20141210  |h 1573  |p 005100055706  |q 005100055706  |t DIE  |y 23 
852 |a INST  |b LESVOS  |c DIATR  |e 20141210  |h 1574  |p 005100055707  |q 005100055707  |t DIE  |y 23 
856 |u http://hdl.handle.net/11610/10478 
901 |a BIBL1-2014-3 
909 |a Λ  |b 191218 
909 |a Λ  |b 191219 
924 |a ΦΡΑΓΚΟΥ  |b ΓΙΑΣΕΜΗ  |y ΛΕΣΒΟΣ  |z 2014-01 
970 |a ΤΖΑΦΕΡΗ  |b ΕΥΑΓΓΕΛΙΑ  |z 2014/12/10